| 000 | 00874nam a22002897a 4500 | ||
|---|---|---|---|
| 003 | CHAP | ||
| 005 | 20230613062622.0 | ||
| 008 | 971013s1975 r 00010 d | ||
| 010 | _a71207 | ||
| 011 | _a72179 | ||
| 035 | _a81733 | ||
| 040 | _cCHAP | ||
| 082 |
_a327.1 _bA3 |
||
| 110 |
_aAgencia de Cooperación Internacional del Japón _91112 |
||
| 245 | _aInforme anual | ||
| 260 |
_aTokio : _bLa Agencia, _c1975-19 . |
||
| 300 |
_av. _b: ilus. |
||
| 500 | _aLa biblioteca tiene: 1984 | ||
| 590 |
_aBATCH-UPD _b10 _c20130110 _lUCH01 _h1048 |
||
| 590 |
_aBATCH-UPD _b10 _c20130410 _lUCH01 _h0646 |
||
| 590 |
_aBATCH-UPD _b10 _c20130914 _lUCH01 _h1044 |
||
| 590 |
_aCONVERSION _b10 _c20130109 _lUCH01 _h1339 |
||
| 650 | 1 | 7 |
_aCooperación internacional _2 _927771 |
| 901 | _aBK | ||
| 942 | _cLIBRO | ||
| 949 |
_a327.1 A3 _bBC _cLIBRO _d33724000299616 _eLIBRO _f1984 _h71250 _i81733 _si |
||
| 999 |
_c71207 _d71207 |
||